Využívanie technológie lepenia pri výrobe automobilových karosérií

Na minha lista:
Detalhes bibliográficos
Autor principal: Ochodnická, Jarmila, 1989- (Author)
Outros Autores: Jašurek, Jozef, 1987- (Thesis advisor)
Formato: Manuscrito Livro
Idioma:eslovaco
Publicado em: Bratislava : STU v Bratislave SjF, 2013
Assuntos:
Acesso em linha:VAIS
Tags: Adicionar Tag
Sem tags, seja o primeiro a adicionar uma tag!

MARC

LEADER 00000ntm a22000003a 4500
001 stu287138
005 20150617230255.1
008 140326s2013----xo------------------slo-d
040 |a STU  |b slo 
041 0 |a slo 
044 |a xo 
100 1 |a Ochodnická, Jarmila,  |d 1989-  |4 aut  |u J  |T SjF Strojnícka fakulta  |X 62597  |U J  |Y 20  |7 A000062597 
242 0 0 |a The use of bonding technology in the production of automobile bodies  |y eng 
245 1 |a Využívanie technológie lepenia pri výrobe automobilových karosérií 
260 |a Bratislava :  |b STU v Bratislave SjF,  |c 2013 
650 7 |a Production Systems and Quality Management  |2 estusub 
650 7 |a karoséria  |2 stusub 
650 7 |a lepenie  |2 stusub 
650 7 |a výrobné systémy a manažérstvo kvality  |2 stusub 
700 1 |a Jašurek, Jozef,  |d 1987-  |4 ths  |u J0070  |U SjF Strojnícka fakulta  |T SjF Ústav výrobných systémov, enviromentálnej techniky a manažment kvality  |X 41552  |U J0070  |Y 804  |7 A000041552 
856 4 |a info a plný text  |u http://is.stuba.sk/zp/portal_zp.pl?podrobnosti=95355  |3 VAIS 
996 |b 284J042481  |c J*1478/BP  |l JJSK  |s A  |a 24  |w stu287138_0001